000
00337nam a22001457a 4500
999
_c
258690
_d
258689
003
OSt
005
20200626094138.0
008
200626b xxu||||| |||| 00| 0 eng d
020
_a
0671007696
040
_c
N/A
100
_a
V.C.Andrews
245
_a
Lightining strikes
260
_a
London
_b
Pocket star books
_c
2000
942
_2
lcc
_c
BK